[Event "Bad Woerishofen op"]
[Site "?"]
[Date "2003.??.??"]
[Round "2"]
[White "Stojadinovic, Tomislav"]
[Black "Woerl, Richard"]
[Result "0-1"]
[WhiteElo "1780"]
[BlackElo "2087"]
[Annotator "ChessOrg"]
[PlyCount "82"]

1. e4 c5 2. Nf3 b6 3. Nc3 Bb7 4. Bc4 e6 5. d3 Be7 6. O-O Nc6 7. a3 d6 8. Qe2
Nf6 9. h3 O-O 10. Bf4 Nd4 11. Nxd4 cxd4 12. Nb1 d5 13. exd5 Nxd5 14. Bh2 Bd6
15. Bxd6 Qxd6 16. Bxd5 Qxd5 17. f3 Rac8 18. Rc1 f5 19. Nd2 Rf6 20. Nf1 Rg6 21.
Nh2 Qd6 22. Qf2 Qf4 23. Rf1 Rg3 24. Rae1 e5 25. Qe2 Re8 26. Rf2 Qh4 27. Kh1 Re6
28. c3 Bd5 29. c4 Bc6 30. b4 Re7 31. b5 Bb7 32. a4 g6 33. a5 e4 34. fxe4 fxe4
35. Qf1 e3 36. Rf8+ Kg7 37. Re2 Rxh3 38. Qf4 Rxh2+ 39. Qxh2 Qxh2+ 40. Kxh2 Kxf8
41. axb6 axb6 0-1

[Event "Bad Woerishofen op"]
[Site "?"]
[Date "2003.??.??"]
[Round "2"]
[White "Bergmann, Thomas"]
[Black "Wiest, Georg"]
[Result "1/2-1/2"]
[WhiteElo "1753"]
[BlackElo "2084"]
[Annotator "ChessOrg"]
[PlyCount "68"]

1. e4 c5 2. Nf3 a6 3. d4 cxd4 4. Nxd4 Nf6 5. Nc3 e5 6. Nb3 Bb4 7. Bd3 Qc7 8.
Bd2 O-O 9. O-O Bxc3 10. Bxc3 d6 11. Qd2 Ne8 12. f4 exf4 13. Qxf4 Nc6 14. Rae1
Ne5 15. Nd2 Be6 16. a3 f6 17. Nf3 Bf7 18. Rd1 Rd8 19. Rf2 Qb8 20. Rfd2 Nc7 21.
Be2 Ne6 22. Qe3 Nc6 23. Nh4 Ne7 24. Bb4 Nc5 25. Bxc5 dxc5 26. Rxd8 Rxd8 27.
Qxc5 Rxd1+ 28. Bxd1 Qf4 29. Qa7 Bc4 30. Nf3 Qxe4 31. Qd4 Qe6 32. Kf2 Nc6 33.
Qe3 Qd7 34. Be2 Bxe2 1/2-1/2

[Event "Bad Woerishofen op"]
[Site "?"]
[Date "2003.??.??"]
[Round "2"]
[White "Perman, Torvald"]
[Black "Schweitzer, Paul"]
[Result "1/2-1/2"]
[WhiteElo "2083"]
[BlackElo "1743"]
[Annotator "ChessOrg"]
[PlyCount "107"]

1. c4 Nf6 2. Nc3 g6 3. g3 c6 4. e4 d6 5. Bg2 Bg7 6. Nf3 Bg4 7. h3 Bxf3 8. Bxf3
Nbd7 9. d4 a6 10. O-O e5 11. Be3 O-O 12. Bg2 Rc8 13. Qd2 b5 14. cxb5 axb5 15.
Rfd1 b4 16. Ne2 c5 17. dxc5 dxc5 18. Qc2 Qa5 19. b3 Rfd8 20. Rd2 Qc7 21. Rad1
Bf8 22. f4 Be7 23. fxe5 Qxe5 24. Bf4 Qe6 25. Bd6 g5 26. Bxe7 Qxe7 27. Qc4 Qe5
28. Kh2 h5 29. Rd5 Nxd5 30. Rxd5 Qe7 31. Qc1 Ne5 32. Qf1 Rxd5 33. exd5 Ng6 34.
Qf5 Rd8 35. Qd3 h4 36. Be4 hxg3+ 37. Nxg3 Qd6 38. Qe3 Re8 39. Kg1 Qf4 40. Qxf4
gxf4 41. Nh5 Kf8 42. Nf6 Rd8 43. Kf2 Ne5 44. Ng4 f5 45. Nxe5 fxe4 46. Ng6+ Kg7
47. Nxf4 Ra8 48. Ke3 Rxa2 49. Kxe4 Kf6 50. d6 Rc2 51. Kd5 Kf5 52. Nd3 Rd2 53.
Kc4 Rc2+ 54. Kd5 1/2-1/2

[Event "Bad Woerishofen op"]
[Site "?"]
[Date "2003.??.??"]
[Round "2"]
[White "Schwarz, Gerd"]
[Black "Plank, Peter"]
[Result "1-0"]
[WhiteElo "1748"]
[BlackElo "2083"]
[Annotator "ChessOrg"]
[PlyCount "75"]

1. Nf3 d5 2. d4 Nf6 3. e3 e6 4. c4 c6 5. Nc3 Be7 6. Bd3 dxc4 7. Bxc4 b5 8. Bd3
Bb7 9. a4 b4 10. Ne4 a5 11. O-O Ba6 12. Nxf6+ Bxf6 13. Bxa6 Nxa6 14. Bd2 O-O
15. Rc1 c5 16. Rc4 cxd4 17. Nxd4 Rc8 18. Rxc8 Qxc8 19. Qb1 Qd7 20. Rc1 Bxd4 21.
exd4 Qxa4 22. Qd3 Nb8 23. b3 Qd7 24. Qc4 h6 25. Be3 Rd8 26. h3 Qb7 27. Qc5 Qa8
28. Qe7 Na6 29. Rc4 Rc8 30. Rxc8+ Qxc8 31. Qa7 Qc6 32. d5 exd5 33. Bb6 a4 34.
bxa4 b3 35. Bd4 Qc1+ 36. Kh2 Qf4+ 37. g3 Qxd4 38. Qxd4 1-0

[Event "Bad Woerishofen op"]
[Site "?"]
[Date "2003.??.??"]
[Round "2"]
[White "Friedrich, Wolfgang"]
[Black "Regatschnig, Horst"]
[Result "1/2-1/2"]
[WhiteElo "2079"]
[BlackElo "1740"]
[Annotator "ChessOrg"]
[PlyCount "79"]

1. e4 c5 2. c3 d5 3. exd5 Qxd5 4. d4 Nf6 5. Nf3 Bg4 6. Be2 Nc6 7. Be3 cxd4 8.
cxd4 e6 9. Nc3 Bb4 10. O-O Qd8 11. Qb3 O-O 12. a3 Bxc3 13. bxc3 Na5 14. Qa2 Rc8
15. Rac1 Nd5 16. c4 Nxe3 17. fxe3 b6 18. Ne5 Bxe2 19. Qxe2 f6 20. Nf3 Qe7 21.
Qa2 Kh8 22. Rc3 Rc7 23. Rfc1 Rfc8 24. Nd2 f5 25. Nf3 Qd6 26. Ne5 Nc6 27. Nd3 h6
28. Qc2 e5 29. c5 bxc5 30. dxc5 Qe6 31. Qa4 g5 32. Qa6 e4 33. Nb4 Rd8 34. Qe2
Rcd7 35. Qb2 Kh7 36. R3c2 Kg6 37. Nxc6 Qxc6 38. Qe5 Rd5 39. Qe7 R5d7 40. Qe5
1/2-1/2

[Event "Bad Woerishofen op"]
[Site "?"]
[Date "2003.??.??"]
[Round "2"]
[White "Gerstner, Bernhard"]
[Black "Vu Van, Anh"]
[Result "1-0"]
[WhiteElo "2076"]
[BlackElo "1700"]
[Annotator "ChessOrg"]
[PlyCount "71"]

1. d4 e6 2. c4 c6 3. Nc3 Nf6 4. e4 d5 5. e5 Nfd7 6. Nf3 Bb4 7. Bd3 h6 8. a3 Be7
9. Be3 dxc4 10. Bxc4 Nb6 11. Ba2 Nd5 12. Qd2 Nxe3 13. Qxe3 Nd7 14. O-O O-O 15.
Rac1 Nb6 16. Bb1 Nd5 17. Qd3 g6 18. Ne4 Kg7 19. g3 a6 20. h4 h5 21. Nfg5 Bd7
22. Nc5 Bxg5 23. hxg5 Rb8 24. Ne4 c5 25. Nxc5 Bb5 26. Nxe6+ Kg8 27. Qe4 Qa5 28.
Qxd5 fxe6 29. Qxe6+ Rf7 30. Ba2 Be8 31. Qxg6+ Kf8 32. Bxf7 Bxf7 33. Qd6+ Kg7
34. Qxb8 Qd2 35. Qd8 h4 36. Qf6+ 1-0

[Event "Bad Woerishofen op"]
[Site "?"]
[Date "2003.??.??"]
[Round "2"]
[White "Boettcher, Ulrich"]
[Black "Spenk, Willi"]
[Result "1-0"]
[WhiteElo "2023"]
[BlackElo "1570"]
[Annotator "ChessOrg"]
[PlyCount "61"]

1. d4 d6 2. c4 g6 3. Nc3 Bg7 4. e4 Nf6 5. f3 O-O 6. Be3 e5 7. Nge2 Nbd7 8. Qd2
Nh5 9. g4 exd4 10. Nxd4 Nhf6 11. O-O-O Ne5 12. Be2 a5 13. Bh6 Be6 14. Nxe6 fxe6
15. h4 Ne8 16. Bxg7 Nxg7 17. f4 Nf7 18. h5 gxh5 19. gxh5 Qf6 20. h6 Ne8 21. f5
Ne5 22. fxe6 Qxe6 23. Nd5 Ng6 24. Bh5 Qxe4 25. Bxg6 hxg6 26. Qc3 Qe5 27. Qd3
Qg5+ 28. Kb1 Qf5 29. Ne7+ Kh7 30. Nxf5 Rxf5 31. Rde1 1-0

[Event "Bad Woerishofen op"]
[Site "?"]
[Date "2003.??.??"]
[Round "2"]
[White "Pitl, Jarno"]
[Black "Sanna, Giuseppe"]
[Result "1-0"]
[WhiteElo "2073"]
[BlackElo "1647"]
[Annotator "ChessOrg"]
[PlyCount "97"]

1. e4 d6 2. Nf3 Nf6 3. Nc3 c6 4. d4 Bg4 5. Be2 e6 6. h3 Bh5 7. O-O Be7 8. b3 d5
9. exd5 cxd5 10. Ne5 Bxe2 11. Qxe2 Nbd7 12. Bb2 O-O 13. f4 Rc8 14. Qd3 Bb4 15.
Ne2 Qe7 16. c4 Ba3 17. Bc3 Bb4 18. c5 Bxc3 19. Qxc3 Ne4 20. Qe3 f5 21. b4 Nxe5
22. fxe5 g5 23. b5 Rf7 24. Rac1 Qf8 25. a4 f4 26. Qd3 h5 27. Nc3 Ng3 28. Qg6+
Kh8 29. Rf3 Qe7 30. Qd3 g4 31. Rxg3 fxg3 32. Qxg3 Qg5 33. Ne2 Rcf8 34. c6 bxc6
35. bxc6 h4 36. Qxg4 Qxg4 37. hxg4 Rc7 38. Kh2 Rf2 39. Rc2 Kh7 40. Kh3 Rf8 41.
Kxh4 Rfc8 42. Kg5 Kg7 43. Nf4 Rxc6 44. Nxe6+ Kh8 45. Rxc6 Rxc6 46. Nc5 Kg7 47.
e6 Kf8 48. Kf6 Rb6 49. Nd7+ 1-0

[Event "Bad Woerishofen op"]
[Site "?"]
[Date "2003.??.??"]
[Round "2"]
[White "Holuba, Stefan"]
[Black "Frank, Albert"]
[Result "1/2-1/2"]
[WhiteElo "1737"]
[BlackElo "2070"]
[Annotator "ChessOrg"]
[PlyCount "52"]

1. e4 c5 2. Nf3 a6 3. d4 cxd4 4. Nxd4 e5 5. Nb3 Nf6 6. Nc3 Bb4 7. Bd3 d5 8. Bd2
Bxc3 9. Bxc3 dxe4 10. Be2 Qxd1+ 11. Rxd1 Nc6 12. h3 O-O 13. O-O Bf5 14. Rd2
Rfd8 15. Rfd1 Rxd2 16. Rxd2 h5 17. Na5 e3 18. Nxc6 exf2+ 19. Kf1 bxc6 20. Bxe5
Ne4 21. Rd1 Re8 22. Bc7 h4 23. Rd8 Rxd8 24. Bxd8 Ng3+ 25. Kxf2 Nxe2 26. Kxe2
Bxc2 1/2-1/2

[Event "Bad Woerishofen op"]
[Site "?"]
[Date "2003.??.??"]
[Round "2"]
[White "Heinicke, Wenke"]
[Black "Steffl, Herbert"]
[Result "1-0"]
[WhiteElo "2064"]
[BlackElo "1639"]
[Annotator "ChessOrg"]
[PlyCount "63"]

1. c4 Nf6 2. Nc3 e6 3. d4 d5 4. Bg5 Be7 5. cxd5 exd5 6. e3 O-O 7. Bd3 b6 8. Qc2
h6 9. Bf4 c6 10. Nf3 Ba6 11. Ne5 Bxd3 12. Qxd3 Nfd7 13. Rc1 Nxe5 14. Bxe5 Bd6
15. Bg3 f5 16. O-O h5 17. Bxd6 Qxd6 18. f3 h4 19. e4 fxe4 20. fxe4 Rxf1+ 21.
Rxf1 Qg6 22. Qh3 Na6 23. exd5 cxd5 24. Qf5 Qxf5 25. Rxf5 Nb4 26. a3 Nd3 27.
Nxd5 Re8 28. b4 Re4 29. h3 Kh7 30. Rf7 Kg6 31. Rf3 Rxd4 32. Rxd3 1-0

[Event "Bad Woerishofen op"]
[Site "?"]
[Date "2003.??.??"]
[Round "2"]
[White "Sakowski, Christian"]
[Black "Burkhardt, Wilfried"]
[Result "1/2-1/2"]
[WhiteElo "1722"]
[BlackElo "2062"]
[Annotator "ChessOrg"]
[PlyCount "68"]

1. g3 d5 2. Bg2 Nf6 3. c4 e6 4. Nf3 Be7 5. O-O O-O 6. b3 c5 7. Bb2 Nc6 8. d3 d4
9. Nbd2 Qc7 10. Ne1 Rd8 11. Ne4 b6 12. Bc1 Bb7 13. Bd2 Nxe4 14. dxe4 Bf6 15.
Nd3 a5 16. a4 Nb4 17. Bxb4 axb4 18. Qc2 g6 19. Rad1 Bg7 20. Qd2 Qe7 21. Ne1 h6
22. Qd3 Re8 23. f4 f5 24. e5 Bxg2 25. Kxg2 Qb7+ 26. Qf3 Qxf3+ 27. Kxf3 g5 28.
Nc2 Red8 29. Rd3 Kf7 30. Rfd1 Ke7 31. e3 dxe3 32. Rxd8 Rxd8 33. Rxd8 Kxd8 34.
Kxe3 Kd7 1/2-1/2

[Event "Bad Woerishofen op"]
[Site "?"]
[Date "2003.??.??"]
[Round "2"]
[White "Neubauer, Ralf"]
[Black "Bretscher, Robert"]
[Result "1-0"]
[WhiteElo "2056"]
[BlackElo "1635"]
[Annotator "ChessOrg"]
[PlyCount "65"]

1. d4 Nf6 2. Nf3 e6 3. Bf4 c5 4. e3 Nc6 5. c3 Be7 6. h3 O-O 7. Bd3 d5 8. Nbd2
c4 9. Bc2 b5 10. O-O Nh5 11. Bh2 f5 12. Ne5 Nxe5 13. dxe5 g6 14. g4 Ng7 15. f4
Bc5 16. Qe1 Qb6 17. Kf2 Bb7 18. Nf3 Qc6 19. Nd4 Qd7 20. Kg1 a6 21. Bg3 Kf7 22.
Kh2 Rh8 23. Bh4 h5 24. gxf5 gxf5 25. Rg1 Rh7 26. Qg3 Bxd4 27. exd4 Kg8 28. Bf6
Rf8 29. Rg2 Rf7 30. Rag1 Kf8 31. Qg6 Kg8 32. Bd1 h4 33. Bh5 1-0

[Event "Bad Woerishofen op"]
[Site "?"]
[Date "2003.??.??"]
[Round "2"]
[White "Schrinner, Stefan"]
[Black "Martino-Gross, Peter"]
[Result "0-1"]
[WhiteElo "1688"]
[BlackElo "2053"]
[Annotator "ChessOrg"]
[PlyCount "58"]

1. e4 e6 2. Nf3 d5 3. exd5 exd5 4. b3 Nf6 5. Bb2 Bg4 6. Be2 Bd6 7. h3 Bh5 8. d3
O-O 9. O-O Re8 10. Nd4 Bxe2 11. Nxe2 Nc6 12. c4 Qe7 13. Nd4 Qe5 14. g3 Nxd4 15.
Kg2 dxc4 16. bxc4 Bc5 17. Nd2 Qe2 18. Qc1 Qxd3 19. Rb1 Re2 20. Bxd4 Bxd4 21.
Nf3 Qe4 22. Qd1 c5 23. Qb3 b6 24. Rbe1 Re8 25. Qa4 Qb7 26. g4 Rxe1 27. g5 Rxf1
28. gxf6 Rxf2+ 29. Kg1 Rxa2+ 0-1

[Event "Bad Woerishofen op"]
[Site "?"]
[Date "2003.??.??"]
[Round "2"]
[White "Edel, Thomas"]
[Black "Hegel, Pius"]
[Result "1-0"]
[WhiteElo "2052"]
[BlackElo "1619"]
[Annotator "ChessOrg"]
[PlyCount "99"]

1. d4 d5 2. Nf3 Nf6 3. c4 c6 4. Nc3 e6 5. Bg5 h6 6. Bxf6 Qxf6 7. e3 Bd6 8. Be2
O-O 9. Qc2 Nd7 10. O-O-O dxc4 11. Bxc4 b5 12. Bd3 Bb7 13. h4 Qe7 14. Kb1 a5 15.
Ne4 Bb8 16. Rh3 Rc8 17. Rc1 a4 18. Nc5 Nf6 19. Ng5 Rd8 20. Bh7+ Kh8 21. Bg6 Rf8
22. Nh7 Nxh7 23. Bxh7 f5 24. Bg6 Rf6 25. Bh5 Bd6 26. Nxb7 Qxb7 27. Qxc6 Qb8 28.
Bf3 Rf8 29. Rhh1 Ra7 30. Rhd1 Rc7 31. Qa6 Rfc8 32. Rc6 Rxc6 33. Bxc6 Rc7 34.
Rc1 Rc8 35. Qxb5 Qxb5 36. Bxb5 Rxc1+ 37. Kxc1 a3 38. bxa3 Bxa3+ 39. Kc2 Kg8 40.
Kb3 Bd6 41. a4 Bc7 42. Bc4 Kf7 43. Kb4 Ke7 44. Kb5 e5 45. a5 exd4 46. exd4 Kd7
47. a6 Bb8 48. Kb6 f4 49. a7 Bxa7+ 50. Kxa7 1-0

[Event "Bad Woerishofen op"]
[Site "?"]
[Date "2003.??.??"]
[Round "2"]
[White "Klein, Reinhard"]
[Black "Pimmingstorfer, Christian"]
[Result "0-1"]
[WhiteElo "1643"]
[BlackElo "2050"]
[Annotator "ChessOrg"]
[PlyCount "78"]

1. d4 d5 2. Nf3 Nf6 3. c4 dxc4 4. e3 Bg4 5. Bxc4 e6 6. O-O a6 7. h3 Bh5 8. Be2
Nc6 9. b3 Bd6 10. Bb2 O-O 11. Nc3 Qe7 12. e4 Bxf3 13. Bxf3 Rad8 14. Ne2 e5 15.
d5 Nb8 16. Ng3 g6 17. Qd2 Nbd7 18. Rac1 Ne8 19. Bg4 Ndf6 20. Qg5 Nxd5 21. Qxe7
Nxe7 22. Be2 Ng7 23. Rfd1 Nc6 24. a3 Nd4 25. Bf1 Nxb3 26. Rb1 Nc5 27. Rdc1 Nge6
28. Bc4 c6 29. Bc3 b5 30. Bxe6 Nxe6 31. a4 f6 32. Ne2 Kf7 33. Bxe5 Bxe5 34.
Rxc6 Nd4 35. Nxd4 Rxd4 36. axb5 axb5 37. Rb6 Rfd8 38. f3 Rd1+ 39. Rxd1 Rxd1+
0-1

[Event "Bad Woerishofen op"]
[Site "?"]
[Date "2003.??.??"]
[Round "2"]
[White "Vonach, Bernhard"]
[Black "Muench, Werner"]
[Result "1/2-1/2"]
[WhiteElo "2050"]
[BlackElo "1608"]
[Annotator "ChessOrg"]
[PlyCount "90"]

1. e4 c6 2. c4 d5 3. cxd5 cxd5 4. exd5 Nf6 5. Nc3 Nxd5 6. Bb5+ Bd7 7. Qa4 Nxc3
8. dxc3 Nc6 9. Be3 e6 10. Rd1 Qc7 11. Nf3 Be7 12. O-O O-O 13. Bf4 Qc8 14. Bd6
Bxd6 15. Rxd6 a6 16. Qd1 Rd8 17. Ba4 Be8 18. Qd3 Rxd6 19. Qxd6 Qd8 20. Rd1 Qxd6
21. Rxd6 Kf8 22. Kf1 Ke7 23. Rd1 f6 24. Ke2 Rd8 25. Rxd8 Kxd8 26. Bxc6 Bxc6 27.
Nd4 Bd7 28. Ke3 Kc7 29. b3 e5 30. Nc2 Kd6 31. Nb4 g5 32. Nd3 h5 33. Nb2 Be6 34.
Nd3 f5 35. Ne1 Bd5 36. g3 f4+ 37. gxf4 gxf4+ 38. Ke2 b5 39. Nd3 a5 40. f3 a4
41. bxa4 bxa4 42. a3 Bc4 43. Kd2 Bd5 44. Ke2 Bc4 45. Kd2 Bd5 1/2-1/2

[Event "Bad Woerishofen op"]
[Site "?"]
[Date "2003.??.??"]
[Round "2"]
[White "Rothenhagen, Siegfried"]
[Black "Lamberger, Werner"]
[Result "0-1"]
[WhiteElo "1620"]
[BlackElo "2048"]
[Annotator "ChessOrg"]
[PlyCount "66"]

1. d4 f5 2. e4 fxe4 3. Nc3 Nf6 4. Bg5 Nc6 5. Bxf6 exf6 6. Nxe4 Qe7 7. Qh5+ g6
8. Qe2 Nxd4 9. Nxf6+ Kf7 10. Qxe7+ Bxe7 11. Bc4+ Kxf6 12. O-O-O Nf5 13. Nf3 Bc5
14. g4 Ne7 15. Rhe1 Nc6 16. Re2 d6 17. g5+ Kg7 18. Bd5 Rf8 19. Bxc6 bxc6 20.
Nd4 Bxd4 21. Rxd4 Bd7 22. Re7+ Rf7 23. Rde4 c5 24. Kd2 Raf8 25. c4 Rxe7 26.
Rxe7+ Rf7 27. Re2 Kf8 28. Kd3 Rf3+ 29. Kd2 Kf7 30. Ke1 a5 31. Kf1 Rf4 32. Re3
Rxc4 33. Rb3 Rb4 0-1

[Event "Bad Woerishofen op"]
[Site "?"]
[Date "2003.??.??"]
[Round "2"]
[White "Porubszki, Georg"]
[Black "Schoebel, Klaus"]
[Result "1-0"]
[WhiteElo "2044"]
[BlackElo "1598"]
[Annotator "ChessOrg"]
[PlyCount "43"]

1. d4 d5 2. Nf3 e6 3. e3 Nf6 4. Bd3 Be7 5. Nbd2 Nc6 6. c3 Bd6 7. O-O O-O 8. c4
e5 9. cxd5 Nb4 10. Bb1 exd4 11. Nxd4 Bxh2+ 12. Kxh2 Ng4+ 13. Kg1 Qh4 14. N2f3
Qh5 15. e4 c5 16. Ne2 f5 17. Ng3 Qf7 18. exf5 Nxd5 19. Ng5 Qe8 20. Qxd5+ Kh8
21. Qe4 Qxe4 22. Bxe4 1-0

[Event "Bad Woerishofen op"]
[Site "?"]
[Date "2003.??.??"]
[Round "2"]
[White "Mahrla, Hans"]
[Black "Maugg, Ludwig"]
[Result "0-1"]
[WhiteElo "1479"]
[BlackElo "2136"]
[Annotator "ChessOrg"]
[PlyCount "50"]

1. e4 c5 2. f4 Nc6 3. Nc3 g6 4. Nf3 Bg7 5. Bc4 e6 6. O-O Nge7 7. d3 d5 8. exd5
exd5 9. Bb3 O-O 10. Ne2 h6 11. c3 d4 12. Ne5 Nxe5 13. fxe5 Nc6 14. cxd4 cxd4
15. Nf4 Nxe5 16. Qe1 Bf5 17. Qb4 Qb6 18. Qxb6 axb6 19. Bd5 Nxd3 20. Nxd3 Bxd3
21. Rd1 Be2 22. Rd2 d3 23. Bxb7 Bd4+ 24. Kh1 Rad8 25. Bf3 Rfe8 0-1

[Event "Bad Woerishofen op"]
[Site "?"]
[Date "2003.??.??"]
[Round "2"]
[White "Reichwald, Klaus-Dieter"]
[Black "Mueller, Wolfgang"]
[Result "1-0"]
[WhiteElo "2027"]
[BlackElo "1574"]
[Annotator "ChessOrg"]
[PlyCount "75"]

1. e4 c5 2. Nc3 Nc6 3. g3 Nf6 4. Bg2 g6 5. Nge2 Bg7 6. d3 d6 7. O-O O-O 8. f4
a6 9. f5 Nd4 10. Nxd4 cxd4 11. Ne2 Qb6 12. h3 e5 13. g4 gxf5 14. exf5 d5 15. g5
Ne4 16. Kh2 Nd6 17. f6 Bh8 18. Bxd5 Be6 19. Bxe6 fxe6 20. Ng3 Rf7 21. Qh5 Rc8
22. Rf2 e4 23. g6 hxg6 24. Qxg6+ Bg7 25. Bh6 e3 26. Rg2 Nf5 27. Nxf5 exf5 28.
Bxg7 Qc7+ 29. Kh1 Rxg7 30. Qxg7+ Qxg7 31. Rxg7+ Kf8 32. Rc1 b5 33. Kg2 Rc6 34.
Rd7 Rxf6 35. Rxd4 Kf7 36. Kf3 Re6 37. Re1 Rh6 38. h4 1-0

[Event "Bad Woerishofen op"]
[Site "?"]
[Date "2003.??.??"]
[Round "2"]
[White "Dierich, Jochen"]
[Black "Lang, Ludwig"]
[Result "1-0"]
[WhiteElo "1876"]
[BlackElo "1101"]
[Annotator "ChessOrg"]
[PlyCount "61"]

1. e4 e5 2. d4 d6 3. Bc4 Nf6 4. dxe5 Nxe4 5. Bxf7+ Ke7 6. Bd5 dxe5 7. Bxe4
Qxd1+ 8. Kxd1 Ke6 9. Nf3 h6 10. Nc3 c6 11. Be3 Be7 12. Ke2 Nd7 13. Rad1 Nf6 14.
a3 Nxe4 15. Nxe4 b6 16. Rd2 Ba6+ 17. Kd1 b5 18. Nc5+ Bxc5 19. Bxc5 Rhd8 20. Re1
Rxd2+ 21. Kxd2 Rd8+ 22. Kc3 Rd7 23. Nxe5 Rd5 24. Nd3+ Kf5 25. Bxa7 b4+ 26. Nxb4
Ra5 27. Nxc6 Ra4 28. Nb4 Bb7 29. Bd4 Kg6 30. f3 Bc8 31. Re7 1-0

[Event "Bad Woerishofen op"]
[Site "?"]
[Date "2003.??.??"]
[Round "2"]
[White "Reichenbacher, Gerhard"]
[Black "Taufratshofer, Martin"]
[Result "0-1"]
[WhiteElo "1742"]
[BlackElo "2074"]
[Annotator "ChessOrg"]
[PlyCount "86"]

1. e4 d5 2. exd5 Qxd5 3. Nc3 Qa5 4. d4 c6 5. Bc4 Bf5 6. Nf3 Nf6 7. Bd2 e6 8.
Nd5 Qd8 9. Nxf6+ gxf6 10. O-O Nd7 11. Re1 Nb6 12. Bb3 Nd5 13. Nh4 Bg6 14. Bxd5
Qxd5 15. Nxg6 hxg6 16. Bf4 O-O-O 17. c3 Bd6 18. Qg4 Rh5 19. Bxd6 Qxd6 20. Qg3
Qd5 21. Qf4 Rdh8 22. Re3 R8h7 23. h3 Rf5 24. Qe4 Qb5 25. Qc2 Rh4 26. c4 Qb6 27.
d5 Rhf4 28. c5 Qd8 29. dxe6 fxe6 30. Rxe6 Rxf2 31. Qe4 R2f4 32. Qe2 Qd4+ 33.
Kh1 Qxc5 34. Re8+ Kc7 35. Re7+ Kb6 36. a4 a5 37. Rd1 Rf2 38. Qe3 Qxe3 39. Rxe3
Rxb2 40. Re7 Rff2 41. Rdd7 Ka6 42. Rf7 f5 43. g4 Rb1+ 0-1

[Event "Bad Woerishofen op"]
[Site "?"]
[Date "2003.??.??"]
[Round "2"]
[White "Klaus, Daniel"]
[Black "Savchenko, Stanislav"]
[Result "0-1"]
[WhiteElo "2033"]
[BlackElo "2539"]
[Annotator "ChessOrg"]
[PlyCount "80"]

1. e4 c5 2. Nf3 d6 3. d4 cxd4 4. Nxd4 Nf6 5. Nc3 a6 6. Bg5 e6 7. f4 Nbd7 8. Qf3
Qc7 9. O-O-O b5 10. g4 Bb7 11. Bxf6 Nxf6 12. g5 b4 13. Ncb5 axb5 14. Nxb5 Qb6
15. gxf6 Rxa2 16. Kb1 Qa5 17. Na3 Rxa3 18. bxa3 gxf6 19. Qd3 bxa3 20. Qb3 Bc6
21. Bc4 Be7 22. f5 Kd7 23. fxe6+ Kc7 24. Ka2 Rb8 25. Qd3 Rb2+ 26. Ka1 fxe6 27.
Rhf1 Qe5 28. Qd4 Qxd4 29. Rxd4 f5 30. e5 dxe5 31. Rd2 Bb4 32. Rd3 Rxc2 33. Bb3
Bc3+ 34. Rxc3 Rxc3 35. Bxe6 f4 36. Bf5 h6 37. Rd1 f3 38. Rd3 Rxd3 39. Bxd3 e4
40. Bf1 e3 0-1

[Event "Bad Woerishofen op"]
[Site "?"]
[Date "2003.??.??"]
[Round "2"]
[White "Prigge, Joerg"]
[Black "Laurent, Michel"]
[Result "0-1"]
[WhiteElo "1543"]
[BlackElo "2012"]
[Annotator "ChessOrg"]
[PlyCount "34"]

1. d4 Nf6 2. c4 g6 3. Nc3 Bg7 4. e4 d6 5. Nge2 O-O 6. Ng3 c6 7. Be2 Na6 8. O-O
h5 9. Nxh5 gxh5 10. Bxh5 Nxh5 11. Qxh5 Qd7 12. h3 Qe6 13. d5 Qg6 14. Qf3 f5 15.
exf5 Bxf5 16. Qg3 Bd3 17. Re1 Nb4 0-1

[Event "Bad Woerishofen op"]
[Site "?"]
[Date "2003.??.??"]
[Round "2"]
[White "Weiland, Guenther"]
[Black "Gaissmaier, Thomas"]
[Result "1-0"]
[WhiteElo "2007"]
[BlackElo "1538"]
[Annotator "ChessOrg"]
[PlyCount "117"]

1. Nf3 Nf6 2. c4 e6 3. g3 d5 4. Bg2 dxc4 5. Qc2 a6 6. Qxc4 b5 7. Qc2 Bb7 8. O-O
c5 9. a4 b4 10. d3 Nbd7 11. Nbd2 Rc8 12. a5 Bd6 13. Nc4 Bc7 14. b3 O-O 15. Bb2
Re8 16. e4 e5 17. Bh3 Qe7 18. Nh4 Rcd8 19. Nf5 Qf8 20. Bc1 h6 21. Qe2 Bc8 22.
g4 g5 23. Be3 Nb8 24. Bg2 Bxf5 25. exf5 Nd5 26. Be4 f6 27. Qf3 Nc3 28. Rfc1
Nxe4 29. Qxe4 Rc8 30. Nb6 Bxb6 31. axb6 Qd6 32. Qc4+ Kg7 33. Bxc5 Qd7 34. Qe4
Red8 35. Bxb4 Qb5 36. Rxc8 Rxc8 37. Qb7+ Qd7 38. Qxd7+ Nxd7 39. Rxa6 Kf7 40.
Ra7 Ke8 41. Rc7 Nxb6 42. Rxc8+ Nxc8 43. Bc5 Ne7 44. Bxe7 Kxe7 45. Kf1 Kd6 46.
Ke2 Kc5 47. Kd2 Kd4 48. f3 Kd5 49. Kc3 Kc5 50. b4+ Kd5 51. Kb3 Kd4 52. b5 Kxd3
53. b6 Ke3 54. b7 Kxf3 55. h3 e4 56. b8=Q e3 57. Qe8 Kf2 58. Kc3 e2 59. Kd2 1-0

[Event "Bad Woerishofen op"]
[Site "?"]
[Date "2003.??.??"]
[Round "2"]
[White "Feicht, Roland"]
[Black "Willin, Bernhard"]
[Result "1/2-1/2"]
[WhiteElo "1516"]
[BlackElo "2005"]
[Annotator "ChessOrg"]
[PlyCount "37"]

1. e4 c5 2. Nf3 e6 3. c4 Nc6 4. Nc3 g6 5. d4 cxd4 6. Nxd4 a6 7. Be3 Nge7 8. Be2
Bg7 9. O-O Rb8 10. Nf3 b6 11. Qd2 O-O 12. Rfd1 Qc7 13. Rac1 Nd8 14. Bf4 e5 15.
Nd5 Qd6 16. Bh6 Nb7 17. Bxg7 Kxg7 18. Qc3 f6 19. Nb4 1/2-1/2

[Event "Bad Woerishofen op"]
[Site "?"]
[Date "2003.??.??"]
[Round "2"]
[White "Flueckiger, Joerg"]
[Black "Werninghaus, Klaus-Peter"]
[Result "1-0"]
[WhiteElo "2000"]
[BlackElo "1504"]
[Annotator "ChessOrg"]
[PlyCount "51"]

1. c4 e5 2. Nc3 Nf6 3. g3 d5 4. cxd5 Nxd5 5. Bg2 c6 6. Nf3 Bd6 7. O-O Nf6 8. d3
O-O 9. Bg5 Bg4 10. Ne4 Bxf3 11. Bxf3 Be7 12. Nc3 h6 13. Be3 Nd5 14. Nxd5 cxd5
15. Qb3 Qd7 16. Qxd5 Qxd5 17. Bxd5 Nc6 18. Bxc6 bxc6 19. Rfc1 Rfc8 20. Rc2 Rc7
21. Rac1 Rac8 22. Bd2 c5 23. a3 Bd6 24. Ba5 Rb7 25. b4 Bc7 26. Rxc5 1-0

[Event "Bad Woerishofen op"]
[Site "?"]
[Date "2003.??.??"]
[Round "2"]
[White "Dittler, Volkfried"]
[Black "Roesner, Harald"]
[Result "0-1"]
[WhiteElo "1500"]
[BlackElo "2000"]
[Annotator "ChessOrg"]
[PlyCount "96"]

1. d4 Nf6 2. Nf3 d5 3. e3 e6 4. Bd3 c5 5. b3 Nc6 6. a3 Be7 7. O-O O-O 8. Bb2 b6
9. Nbd2 Bb7 10. Qe2 Rc8 11. Ne5 Qc7 12. f4 Nxe5 13. fxe5 Ne4 14. c4 Nxd2 15.
Qxd2 Bg5 16. Qe2 dxc4 17. bxc4 Qc6 18. Rf3 g6 19. Rg3 Bh6 20. Rf1 Qa4 21. Bc2
Qd7 22. Qh5 Bxe3+ 23. Kh1 cxd4 24. Qd1 Qc6 25. Bd3 Ba6 26. Qe2 Bxc4 27. Bxc4
Qxc4 28. Qf3 Qb5 29. Ba1 Rc1 30. Rxc1 Bxc1 31. Bxd4 Bb2 32. Bxb2 Qxb2 33. h3
Qxe5 34. Rg4 Rc8 35. Qd1 Qb2 36. Kh2 Qe5+ 37. Kh1 Qb2 38. Kh2 Qxa3 39. Rg3 Qc5
40. Qd7 Qc7 41. Qa4 Rd8 42. Qa3 b5 43. Qf3 b4 44. h4 Rd5 45. Kh3 Rc5 46. Qa8+
Kg7 47. Rg4 h5 48. Rxb4 Rc3+ 0-1

[Event "Bad Woerishofen op"]
[Site "?"]
[Date "2003.??.??"]
[Round "2"]
[White "Mittelsteiner, Horst"]
[Black "Natterer, Winfried"]
[Result "1/2-1/2"]
[WhiteElo "1997"]
[BlackElo "1493"]
[Annotator "ChessOrg"]
[PlyCount "41"]

1. e4 e6 2. d4 d5 3. e5 c5 4. c3 Nc6 5. Nf3 Qb6 6. a3 Bd7 7. b4 cxd4 8. cxd4
Rc8 9. Bb2 Nge7 10. Nc3 Na5 11. Na4 Bxa4 12. Qxa4+ Nac6 13. Rc1 a6 14. Bd3 g6
15. O-O Bg7 16. h4 O-O 17. Qd1 f6 18. Qe2 fxe5 19. dxe5 Nf5 20. h5 Ng3 21. Qd2
1/2-1/2

[Event "Bad Woerishofen op"]
[Site "?"]
[Date "2003.??.??"]
[Round "2"]
[White "Dornreiter, Michael"]
[Black "Huhn, Ulrich"]
[Result "1-0"]
[WhiteElo "1475"]
[BlackElo "1980"]
[Annotator "ChessOrg"]
[PlyCount "61"]

1. d4 d5 2. c4 c6 3. Nc3 Nf6 4. Nf3 Bg4 5. Ne5 dxc4 6. Nxg4 Nxg4 7. e4 Nf6 8.
e5 Nd5 9. Bxc4 e6 10. O-O Be7 11. f4 g6 12. Nxd5 exd5 13. Bd3 f5 14. Be3 Nd7
15. Bxf5 Nf8 16. Bh3 Nd7 17. Qg4 Qc7 18. f5 gxf5 19. Qh5+ Kd8 20. Qxf5 b6 21.
e6 Nf6 22. Bf4 Qb7 23. Be5 Rf8 24. g4 h6 25. g5 hxg5 26. Kh1 Qa6 27. Qxg5 Nd7
28. Rxf8+ Nxf8 29. Qg7 Qd3 30. Rf1 Ke8 31. Rxf8+ 1-0